Women and law in Pakistan / (Record no. 184735)
[ view plain ]
| 000 -LEADER | |
|---|---|
| fixed length control field | 00709 a2200169 4500 |
| 003 - CONTROL NUMBER IDENTIFIER | |
| control field | Nust |
| 005 - DATE AND TIME OF LATEST TRANSACTION | |
| control field | 20230306112408.0 |
| 040 ## - CATALOGING SOURCE | |
| Transcribing agency | Nust |
| 082 ## - DEWEY DECIMAL CLASSIFICATION NUMBER | |
| Classification number | 305.4,PAT |
| 100 ## - MAIN ENTRY--PERSONAL NAME | |
| Personal name | Rashida Patel. |
| 9 (RLIN) | 109816 |
| 245 ## - TITLE STATEMENT | |
| Title | Women and law in Pakistan / |
| Statement of responsibility, etc. | Rashida Patel. |
| 260 ## - PUBLICATION, DISTRIBUTION, ETC. | |
| Place of publication, distribution, etc. | Karachi : Faiza Publishers, |
| Name of publisher, distributor, etc. | Faiza Publishers, |
| Date of publication, distribution, etc. | 1979. |
| 300 ## - PHYSICAL DESCRIPTION | |
| Extent | xxxii, 194 p. |
| Other physical details | 23 cm. |
| 505 ## - FORMATTED CONTENTS NOTE | |
| Formatted contents note | Need for Reforms (Paeg-1), A Girl Child is Born (Paeg-24), Marriage-Nikah (Paeg-43), Husband and Wife (Paeg-66), Polygamy (Paeg-88), Taliq,Taliq,Taliq (Paeg-98), Divorce by Wife (Paeg-116), Inheritance (Paeg-138), Matrimonial and Family Law Courts (Paeg-156). |
| 650 ## - SUBJECT ADDED ENTRY--TOPICAL TERM | |
| Topical term or geographic name entry element | Women and law in Pakistan |
| 9 (RLIN) | 109817 |
| 942 ## - ADDED ENTRY ELEMENTS (KOHA) | |
| Source of classification or shelving scheme | |
| Koha item type | Book |
| Withdrawn status | Lost status | Source of classification or shelving scheme | Damaged status | Not for loan | Permanent Location | Current Location | Shelving location | Date acquired | Full call number | Barcode | Date last seen | Price effective from | Koha item type | Public note |
|---|---|---|---|---|---|---|---|---|---|---|---|---|---|---|
| Military College of Signals (MCS) | Military College of Signals (MCS) | General Stacks | 12/12/2016 | 305.4,PAT | MCS20993 | 12/08/2016 | 12/12/2016 | Book | Almirah No.73, Shelf No.4 |
